000 00285nam a22001097a 4500
082 _a923.2 MAR'A
100 _aMARYAN, JAMEELAH
_978901
245 _aAHEMD KHALID THE BIOGRAPHY OF A PAKISTAN ARAB REFUGEE
260 _aLAHORE
_bMUHAMMAD YUSUF KHAN
_c1968
300 _a146P
942 _cBK
999 _c583965
_d583965